La rebelión de Ayn Rand y Steve Ditko : poder y responsabilidad /

Bibliographic Details
Main Author: Caño, Héctor (Author)
Format: Electronic eBook
Language:Spanish
Published: Cuenca : [Santander] : Ediciones de la Universidad de Castilla-La Mancha ; Ediciones Universidad Cantabria, 2019.
Series:Colección Enclaves culturales ; no. 4.
Subjects:
Online Access:Digitalia Hispánica

MARC

LEADER 00000nam a2200000Ii 4500
001 DIGUCANT0088
003 NyNyDIG
007 cr |||||||||||
008 220612s2019 sp ob 000 0 spa d
006 m o d
035 |a (OCoLC)1334421000 
040 |a DGITA  |b eng  |e rda  |e pn  |c DGITA 
020 |a 9788490443552  |q eBook  |q pdf  |q UCLM 
020 |a 9788481029048  |q eBook  |q pdf  |q EUC 
020 |z 9788481029031  |q EUC 
020 |z 9788490443545  |q UCLM 
050 1 4 |a PN6727.D58 ebook 
100 1 |a Caño, Héctor,  |e author. 
245 1 3 |a La rebelión de Ayn Rand y Steve Ditko :  |b poder y responsabilidad /  |c Héctor Caño Díaz. 
264 1 |a Cuenca :  |b Ediciones de la Universidad de Castilla-La Mancha ;  |a [Santander] :  |b Ediciones Universidad Cantabria,  |c 2019. 
300 |a 1 online resource. 
336 |a text  |b txt  |2 rdacontent 
337 |a computer  |b c  |2 rdamedia 
338 |a online resource  |b cr  |2 rdacarrier 
347 |a text file  |2 rdaft 
347 |b PDF 
490 1 |a Colección enclaves culturales ;  |v no. 4 
504 |a Includes bibliographical references. 
588 0 |a Online resource; title from PDF title page (Digitalia, viewed June 12, 2022) 
600 1 0 |a Rand, Ayn  |x Criticism and interpretation. 
600 1 0 |a Ditko, Steve  |x Criticism and interpretation. 
655 0 |a Electronic books. 
791 2 |a Digitalia (Firm),  |e distributor. 
793 0 |g Digitalia eBook Collection:  |a Ediciones Universidad Cantabria 
776 0 8 |i Print version:  |a Caño, Héctor.  |t Rebelión de Ayn Rand y Steve Ditko.  |d Cuenca : Ediciones de la Universidad de Castilla-La Mancha ; [Santander] : Ediciones Universidad Cantabria, 2019  |z 9788481029031 
830 0 |a Colección Enclaves culturales ;  |v no. 4. 
856 4 0 |3 Digitalia Hispánica  |u https://www.digitaliapublishing.com/a/63130/ 
910 |a Premium collection: 2022